Government at a glance 2015

Uložené v:
Podrobná bibliografia
Médium: Kniha
Jazyk:English
Vydavateľské údaje: Paris OECD 2015
Predmet:
Tagy: Pridať tag
Žiadne tagy, Buďte prvý, kto otaguje tento záznam!

MARC

LEADER 00000nam a2200000 4500
001 0214271
005 20240314122959.4
020 |a 978-92-64-23346-1 
022 |a 2221-4380 
041 0 |a eng 
044 |a FR 
245 1 0 |a Government at a glance 2015 
264 1 |a Paris  |b OECD  |c 2015 
300 |a 209 s. 
610 2 0 |a správa verejná 
610 2 0 |a sektor verejný 
610 2 0 |a zamestnanosť 
610 2 0 |a financie verejné 
610 2 0 |a inštitúcie verejnoprávne 
610 2 0 |a rozpočty 
610 2 0 |a riadenie ľudských zdrojov 
610 2 0 |a transparentnosť 
610 2 0 |a regulácia 
610 2 0 |a digitalizácia 
610 2 0 |a efektívnosť 
610 2 0 |a politika sociálna 
610 2 0 |a porovnanie štatistické medzinárodné